| 000 | 00575nam a22002057a 4500 | ||
|---|---|---|---|
| 003 | KOHA_MİRAKIL | ||
| 005 | 20260406111125.0 | ||
| 008 | 260406b tu ||||| |||| 00| 0 tur d | ||
| 020 | _a9789944496988 | ||
| 040 |
_aTR-AnABB _btur _cTR-AnABB |
||
| 041 | _atur | ||
| 082 |
_a813.42 _bSIN 2024 |
||
| 100 | 1 | _aSinan, Nevzat | |
| 245 | 1 | 0 |
_aBir öteki dünya hikayesi / _cNevzat Sinan |
| 260 |
_aAnkara : _bKırmızı Ada Yayınları, _c2024 |
||
| 300 |
_a148 sayfa ; _c20 cm |
||
| 500 | _aYazar imzalı | ||
| 650 | 0 | 4 | _aTürk edebiyatı, roman |
| 942 |
_2ddc _cBK |
||
| 999 |
_c10163 _d10163 |
||
| 900 | _bCan ÇELIK | ||